Studio porcelain : contemporary design and techniques /

Bibliographic Details
Main Author: Lane, Peter
Format: Book
Language:English
Published: Radnor, Penn. : Chilton Book co., [1980]
Subjects:

MARC

Tag First Indicator Second Indicator Subfields
LEADER 00000cam a2200000 a 4500
001 in00000071298
005 20151008062141.0
008 810116s1980 paua b 00110 eng d
010 |a  80050884  
020 |a 0801970016 
035 |a (OCoLC)07067619 
035 |9 AAJ9626AM 
040 |a COV  |c COV  |d OCL  |d TXA  |d UtOrBLW 
049 |a TXAM  |c [1803800] 
090 |a NK4370  |b .L3 
100 1 |a Lane, Peter. 
245 1 0 |a Studio porcelain :  |b contemporary design and techniques /  |c Peter Lane ; foreword by David Leach. 
264 1 |a Radnor, Penn. :  |b Chilton Book co.,  |c [1980] 
264 4 |c ©1980 
300 |a 223 pages :  |b illustrations (some color) ;  |c 28 cm. 
336 |a text  |b txt  |2 rdacontent 
337 |a unmediated  |b n  |2 rdamedia 
338 |a volume  |b nc  |2 rdacarrier 
500 |a Includes index. 
504 |a Bibliography: page 222. 
650 0 |a Porcelain. 
650 0 |a Art, Modern  |y 20th century. 
999 |a MARS 
999 f f |s 556d0902-e8d4-3fbb-9e56-1e7659431e3c  |i 40b72264-14d9-30ac-9b4c-d71414e973f8  |t 0 
952 f f |p normal  |a Texas A&M University  |b College Station  |c Sterling C. Evans Library  |d Evans: Library Stacks  |t 0  |e NK4370 .L3  |h Library of Congress classification  |i unmediated -- volume  |m A14806170949 
998 f f |a NK4370 .L3  |t 0  |l Evans: Library Stacks